00270nam a2200109Ia 4500008004100000100001000041245005500051260001800106650001200124942000700136999001700143190216s9999||||xx |||||||||||||| ||und|| aOlson 4aThe Theory And Practice Of International Relations bPrentice Hall aHistory cBK c20012d20012